| 000 | 00629nam a2200241Ia 4500 | ||
|---|---|---|---|
| 005 | 20250425162326.0 | ||
| 008 | 250425s9999 xx 000 0 und d | ||
| 020 | _a1932156747 | ||
| 041 | _aeng | ||
| 082 | _a658 | ||
| 100 | _aENTREPRENEUR, PRESS | ||
| 245 | 0 | _aSTAR YOUR OWN E-BUSINESS: YOUR STEP-BY-STEP GUIDE TO SUCCESS | |
| 250 | _a1ST ED. | ||
| 260 |
_aCanadá _bENTREPRENEUR PRESS _c2005 |
||
| 260 |
_aS.L. _bENTREPRENEUR PRESS |
||
| 300 | _a246 | ||
| 500 | _aENTREPRENEUR`S STARTUP SERIES | ||
| 650 | _aCOMERCIO | ||
| 650 | _aNEGOCIOS | ||
| 710 | _aENTREPRENEUR MAGAZINE | ||
| 942 | _c01 | ||
| 010 | _a62359 | ||
| 999 |
_c226927 _d226927 |
||